عرض عادي
عرض مارك
- البلوى، ابو جعفر احمد بن على بن احمد بن على بن داود.
مدخل إسم شخص
001 - رقم الضبط
- حقل الضبط: 96941
003 - معرف رقم الضبط
- حقل الضبط: OSt
005 - تاريخ ووقت أخر عملية
- حقل الضبط: 20220810165457.0
008 - عناصر بيانات ثابتة الطول
- حقل تحكم ثابت الطول: 220810|| aca||aabn | a|a d
040 ## - مصدر الفهرسة
- هيئة الفهرسة الأصلية: OSt
- وكالة الكتابة: OSt
100 ## - مدخل -- أسم شخص
- إسم شخص: البلوى، ابو جعفر احمد بن على بن احمد بن على بن داود.
670 ## - بيانات المصدر موجوده
- الاستشهاد بالمصدر: Work cat.: (OSt): البلوى، ابو جعفر احمد بن على بن احمد بن على بن داود., ثبت ابى جعفر احمد بن على البلوى الوادى اشى / , 1983
